000 00561nmm a2200169Ia 4500
008 251105s9999||||xx |||||||||||||||||und||
020 _a9788437078939
041 _aspa
100 _aIranzo Greus, David
245 0 _aDe la Tierra al espacio :
_b Cómo funciona la tecnología que nos ayuda desde el exterior
264 _a[Madrid, España] :
_bPublicaciones de la Universidad de Valencia (PUV),
_c2011
300 _a180 páginas
490 _aSin fronteras
650 _aSciences
856 _uhttps://public.digitaliapublishing.com/a/34970
942 _cCF
999 _c82547
_d82547